Pitmans dictionary of economic and banking terms (Record no. 123208)
[ view plain ]
| 000 -LEADER | |
|---|---|
| fixed length control field | 00699nam a2200277Ia 4500 |
| 003 - CONTROL NUMBER IDENTIFIER | |
| control field | OSt |
| 005 - DATE AND TIME OF LATEST TRANSACTION | |
| control field | 20231123123738.0 |
| 008 - FIXED-LENGTH DATA ELEMENTS--GENERAL INFORMATION | |
| fixed length control field | 210210b1930 xxu||||| |||| 00| 0 eng d |
| 040 ## - CATALOGING SOURCE | |
| Transcribing agency | AL |
| 041 ## - LANGUAGE CODE | |
| Language code of text/sound track or separate title | eng |
| 082 ## - DEWEY DECIMAL CLASSIFICATION NUMBER | |
| Classification number | 331/247 |
| 100 ## - MAIN ENTRY--PERSONAL NAME | |
| Personal name | WELSTON |
| 9 (RLIN) | 143142 |
| 245 ## - TITLE STATEMENT | |
| Title | Pitmans dictionary of economic and banking terms |
| 260 ## - PUBLICATION, DISTRIBUTION, ETC. | |
| Place of publication, distribution, etc. | London |
| Name of publisher, distributor, etc. | Sir Isaac Pitman & Sons Ltd., |
| Date of publication, distribution, etc. | 1930 |
| 650 ## - SUBJECT ADDED ENTRY--TOPICAL TERM | |
| Topical term or geographic name entry element | terms |
| 9 (RLIN) | 143143 |
| 650 ## - SUBJECT ADDED ENTRY--TOPICAL TERM | |
| Topical term or geographic name entry element | Pitmans |
| 9 (RLIN) | 143144 |
| 650 ## - SUBJECT ADDED ENTRY--TOPICAL TERM | |
| Topical term or geographic name entry element | of |
| 9 (RLIN) | 143145 |
| 650 ## - SUBJECT ADDED ENTRY--TOPICAL TERM | |
| Topical term or geographic name entry element | economic |
| 9 (RLIN) | 143146 |
| 650 ## - SUBJECT ADDED ENTRY--TOPICAL TERM | |
| Topical term or geographic name entry element | dictionary |
| 9 (RLIN) | 143147 |
| 650 ## - SUBJECT ADDED ENTRY--TOPICAL TERM | |
| Topical term or geographic name entry element | banking |
| 9 (RLIN) | 143148 |
| 650 ## - SUBJECT ADDED ENTRY--TOPICAL TERM | |
| Topical term or geographic name entry element | and |
| 9 (RLIN) | 143149 |
| 690 ## - LOCAL SUBJECT ADDED ENTRY--TOPICAL TERM (OCLC, RLIN) | |
| Topical term or geographic name as entry element | Banking |
| 9 (RLIN) | 143150 |
| 700 ## - ADDED ENTRY--PERSONAL NAME | |
| Personal name | CREW |
| 9 (RLIN) | 143151 |
| 906 ## - LOCAL DATA ELEMENT F, LDF (RLIN) | |
| a | 004149 |
| 942 ## - ADDED ENTRY ELEMENTS (KOHA) | |
| Source of classification or shelving scheme | Dewey Decimal Classification |
| Koha item type | Book |
| Withdrawn status | Lost status | Damaged status | Not for loan | Collection code | Home library | Current library | Shelving location | Date acquired | Cost, normal purchase price | Total Checkouts | Full call number | Barcode | Date last seen | Price effective from | Koha item type |
|---|---|---|---|---|---|---|---|---|---|---|---|---|---|---|---|
| St Aloysius Library | St Aloysius Library | 02/17/2021 | 0.00 | 331/247 | 004149 | 02/17/2021 | 02/17/2021 | Book | |||||||
| St Aloysius Library | St Aloysius Library | 02/17/2021 | 0.00 | 331/248 | 004150 | 02/17/2021 | 02/17/2021 | Book |